| 000 | 00476nam a22001577a 4500 | ||
|---|---|---|---|
| 020 | _a81-317-0245-6 | ||
| 082 | _a670 KAL | ||
| 100 | _aKALPAKJIAN, SEROPE | ||
| 245 | _aMANUFACTURING PROCESSES FOR ENGINEERING MATERIALS | ||
| 250 | _a4TH | ||
| 260 |
_aINDIA _bPEARSON EDUCATION INDIA _c2007 |
||
| 300 | _aXIX, 954P | ||
| 650 | _aMANUFACTURING PROCESSES FOR ENGINEERING MATERIALS.MANUFACTURING PROCESSES FOR ENGINEERING MATERIALS | ||
| 700 | _aSCHMID, STENEN R. | ||
| 942 | _cBK | ||
| 999 |
_c34172 _d34172 |
||